=LDR 00000nam 2200000 4500 =001 INLIS000000000045109 =005 20220927081507 =035 ##$$a 0010-121400000000259 =008 220927###########################0###### =020 ##$$a 979-911-225-7 =040 ##$$a NBPDMAT =082 ##$$a 540.76 =090 ##$$a 540.76 Ret c =100 ##$$a Retno Ambarwati,S.si =245 1#$$a cara smart selesaikan semua soal Kimia =260 ##$$a Yogyakarta :$b Retno A,$c 2013 =990 ##$$a 0001/BPAP-NTB/20142014 =990 ##$$a 0001/BPAP-NTB/20142015 =990 ##$$a 0001/BPAP-NTB/2015